| 000 | 01277cam a2200313 a 4500 | ||
|---|---|---|---|
| 001 | 000014039 | ||
| 005 | 20200929163440.0 | ||
| 008 | 950530s1995 mx a b 000 0 spa | ||
| 020 | _a9681205952 | ||
| 040 |
_aDO-SdBNP _bspa _cDLC _dBNPHU |
||
| 082 | _bM953 | ||
| 245 | 0 | 0 |
_aMujeres, migración y maquila en la frontera norte / _cSoledad González Montes ... [et al.], compiladoras. |
| 260 |
_aMéxico : _bEl Colegio de México, _bEl Colegio de la Frontera Norte, _c1995. |
||
| 300 |
_a270 p. : _bil. ; _c21 cm. |
||
| 504 | _aIncluye referencias bibliográficas. | ||
| 650 | 4 |
_aMigración femenina _zMéxico _931793 |
|
| 650 | 4 |
_aMaquiladoras _zMéxico _xFrontera norte _931794 |
|
| 650 | 4 |
_aTrabajo de la mujer _zMéxico _931795 |
|
| 650 | 4 |
_aEstudio sobre la mujer _zMéxico _931796 |
|
| 651 | 4 |
_aMéxico _xMigración E Inmigración _931797 |
|
| 700 | 1 |
_aGonzález Montes, Soledad. _931798 |
|
| 700 | 1 |
_aRuiz, Olivia; _ecomp. _931799 |
|
| 700 | 1 |
_aVelasco, Laura; _ecomp. _931800 |
|
| 700 | 1 |
_aWoo, Ofelia; _ecomp. _931801 |
|
| 710 | 2 |
_aColegio de la Frontera Norte _bPrograma Interdisciplinario de Estudios de la Mujer. _931802 |
|
| 710 | 2 |
_aColegio de la Frontera Norte (Tijuana, Baja California, México) _931803 |
|
| 910 | _aCatalogación por copia / LC | ||
| 049 | _aBNGR | ||
| 999 |
_c13641 _d13641 |
||